| 000 | 00659nac a22001811u 4500 | ||
|---|---|---|---|
| 008 | 100915t2006 at |||||r|||| 001 0 eng d | ||
| 010 | _a2005027190 | ||
| 020 | _a1862505098 | ||
| 082 | 0 | 0 |
_a647.94068 _bKAN _222 |
| 100 |
_aKandampully, Jay. _919248 |
||
| 245 | 1 | 0 |
_aServices Management : _bThe New Paradigm in Hospitality / _cJay Kandampully. |
| 260 |
_aAustralia : _bHospitality Press,2006 _c2006. |
||
| 300 |
_a380 p. : _bDiagrams ; _c24 cm. |
||
| 500 | _aIncludes index. | ||
| 650 | 0 |
_aHospitality industry _xManagement. _919249 |
|
| 856 | 4 | 1 |
_3Table of contents _uhttp://www.loc.gov/catdir/toc/ecip061/2005027190.html |
| 942 |
_cBB _k647.94068KAN _2ddc |
||
| 999 |
_c1087 _d1087 |
||